[Event "4MCRV_F"]
[Site "?"]
[Date "2004.??.??"]
[Round "?"]
[White "Brousek, Jiri"]
[Black "Bucek, Jiri"]
[Result "1/2-1/2"]
[WhiteElo "2361"]
[BlackElo "2331"]
[PlyCount "50"]
[EventDate "2004.??.??"]
[EventType "corr"]
[SourceDate "2004.06.03"]

1. d4 Nf6 2. Nf3 g6 3. Nc3 d5 4. Bf4 Bg7 5. e3 Nh5 6. Bg5 h6 7. Bh4 c6 8. Be2
Nd7 9. Nd2 Nhf6 10. O-O O-O 11. a3 Ne8 12. Na4 Nd6 13. Bd3 g5 14. Bg3 e5 15.
Nf3 f6 16. Bg6 g4 17. Nh4 f5 18. f3 gxf3 19. Nxf3 Nc4 20. Qe1 Qf6 21. Nh4 exd4
22. exd4 Qxd4+ 23. Kh1 Ndb6 24. c3 Qd2 25. Nc5 Qe3 1/2-1/2

[Event "4MCRV_F"]
[Site "?"]
[Date "2004.??.??"]
[Round "?"]
[White "Brousek, Jiri"]
[Black "Kuchta, Jiri"]
[Result "1/2-1/2"]
[WhiteElo "2361"]
[BlackElo "2284"]
[PlyCount "65"]
[EventDate "2004.??.??"]
[EventType "corr"]
[SourceDate "2004.06.03"]

1. d4 d5 2. Nf3 c6 3. c4 e6 4. Qc2 Nf6 5. Bg5 Nbd7 6. Nc3 dxc4 7. e4 b5 8. Be2
h6 9. Bh4 Qb6 10. O-O g5 11. Bg3 Nh5 12. Rad1 g4 13. Nh4 Nxg3 14. hxg3 Rg8 15.
e5 Bb7 16. Qh7 Rg7 17. Qxh6 c5 18. Qf4 cxd4 19. Rxd4 Bc5 20. Rd2 Be7 21. Rfd1
O-O-O 22. a4 a6 23. axb5 axb5 24. Rd4 Bc6 25. Ne4 Bxe4 26. Rxe4 f5 27. exf6
Nxf6 28. Rxd8+ Bxd8 29. Rd4 Rf7 30. Rd6 Qc7 31. Rxe6 Qxf4 32. gxf4 Rd7 33. Bf1
1/2-1/2

[Event "4MCRV_F"]
[Site "?"]
[Date "2004.??.??"]
[Round "?"]
[White "Brousek, Jiri"]
[Black "Nosek, Jaroslav"]
[Result "1/2-1/2"]
[WhiteElo "2361"]
[BlackElo "2297"]
[PlyCount "71"]
[EventDate "2004.??.??"]
[EventType "corr"]
[SourceDate "2004.06.03"]

1. d4 Nf6 2. Nf3 e6 3. g3 b5 4. Bg2 Bb7 5. O-O c5 6. Na3 a6 7. c4 cxd4 8. cxb5
Bxa3 9. bxa3 axb5 10. Qxd4 O-O 11. Bf4 Bxf3 12. Bxf3 d5 13. Qb2 Nbd7 14. Qxb5
Re8 15. Rfd1 Rxa3 16. Bd6 Ra5 17. Qc6 Qa8 18. Qxa8 Rexa8 19. a3 Ra4 20. e3 Nb6
21. Bb4 Nc4 22. Rdc1 h6 23. Bd1 R4a7 24. Rc3 Ne4 25. Rb3 Ned6 26. Bc2 f5 27.
Bd3 Kf7 28. Rc1 Rb8 29. Be2 Rab7 30. Kg2 Rc8 31. Rbc3 Ne4 32. R3c2 Rbc7 33. Kg1
g5 34. h3 Nf6 35. a4 Ra8 36. Ra2 1/2-1/2

[Event "4MCRV_F"]
[Site "?"]
[Date "2004.??.??"]
[Round "?"]
[White "Brousek, Jiri"]
[Black "Priesol, Daniel"]
[Result "1/2-1/2"]
[WhiteElo "2361"]
[BlackElo "2304"]
[PlyCount "112"]
[EventDate "2004.??.??"]
[EventType "corr"]
[SourceDate "2004.06.03"]

1. d4 Nf6 2. Nf3 g6 3. Nc3 d5 4. Bf4 Bg7 5. e3 O-O 6. Be2 c5 7. Ne5 Nc6 8. O-O
Bf5 9. dxc5 Rc8 10. Nxc6 Rxc6 11. Be5 Rxc5 12. Qd4 b6 13. Rac1 Qa8 14. Rfd1
Rfc8 15. Qh4 Qb7 16. Bd4 R5c7 17. a3 a6 18. Qf4 Rd7 19. g4 Be6 20. g5 Ne8 21.
Bxg7 Nxg7 22. Bf3 Ne8 23. Rd4 f6 24. Rcd1 Rcd8 25. gxf6 Nxf6 26. Qe5 Bf7 27.
Qg5 Kg7 28. Rh4 Ng8 29. Bg4 Rd6 30. Be2 h6 31. Qg3 Nf6 32. Rd2 Re8 33. Rh3 Qc8
34. Qh4 Ng8 35. f4 e5 36. fxe5 Rxe5 37. Qd4 Qxh3 38. Qxe5+ Nf6 39. Bf1 Qg4+ 40.
Rg2 Qe6 41. Qd4 b5 42. Bd3 Kh7 43. a4 bxa4 44. Nxa4 Ne4 45. b4 Ng5 46. Rg3 Qf6
47. Qxf6 Rxf6 48. Kg2 Rc6 49. Rg4 Ne6 50. c4 dxc4 51. Rxc4 Rd6 52. Rc3 Kg7 53.
Kf3 g5 54. Nc5 Bh5+ 55. Kf2 Nc7 56. e4 Rb6 1/2-1/2

[Event "4MCRV_F"]
[Site "?"]
[Date "2004.??.??"]
[Round "?"]
[White "Brousek, Jiri"]
[Black "Pytlik, Lesek"]
[Result "0-1"]
[WhiteElo "2361"]
[BlackElo "2361"]
[PlyCount "74"]
[EventDate "2004.??.??"]
[EventType "corr"]
[SourceDate "2004.06.03"]

1. d4 Nf6 2. Nf3 d5 3. e3 c5 4. dxc5 e6 5. b4 a5 6. c3 axb4 7. cxb4 b6 8. a4
bxc5 9. b5 Bd6 10. Be2 Ne4 11. Bb2 O-O 12. O-O Nd7 13. Nc3 Nef6 14. Qd2 Bc7 15.
Qc2 Bb7 16. Rfd1 Ba5 17. Ng5 Qc7 18. Rdc1 e5 19. Nb1 c4 20. Nf3 Rfe8 21. Rd1
Nc5 22. Nfd2 Nfd7 23. e4 d4 24. Bxc4 Rec8 25. Rc1 Nb6 26. Bb3 Qd7 27. Qd1 Nxe4
28. Nxe4 Bxe4 29. Na3 Bd5 30. Qd3 Qe6 31. Rxc8+ Rxc8 32. Bc2 g6 33. Bd1 Qe7 34.
Nc2 Nc4 35. Bc1 Bc3 36. Rb1 e4 37. Qh3 Re8 0-1

[Event "4MCRV_F"]
[Site "?"]
[Date "2004.??.??"]
[Round "?"]
[White "Brousek, Jiri"]
[Black "Splichal, Josef"]
[Result "1-0"]
[WhiteElo "2361"]
[BlackElo "2279"]
[PlyCount "69"]
[EventDate "2004.??.??"]
[EventType "corr"]
[SourceDate "2004.06.03"]

1. d4 Nf6 2. Nf3 c5 3. d5 d6 4. Nc3 e5 5. e4 Be7 6. Be2 O-O 7. O-O Ne8 8. Ne1
f5 9. f4 exf4 10. Bxf4 Bf6 11. exf5 Bxf5 12. Bg3 Bg6 13. Nf3 Nd7 14. Qd2 Qa5
15. Bd3 Bxd3 16. cxd3 Qb6 17. Ne4 Be7 18. Nh4 c4+ 19. d4 Nef6 20. Ng5 Nh5 21.
Ne6 Rxf1+ 22. Rxf1 g6 23. Be1 Re8 24. Nxg6 hxg6 25. Qh6 Nf8 26. Bc3 Qb5 27.
Rxf8+ Bxf8 28. Qxg6+ Bg7 29. Nc7 Nf4 30. Qxe8+ Qxe8 31. Nxe8 Nxd5 32. Nxg7 Kxg7
33. Kf2 b5 34. a3 Nc7 35. g4 1-0

[Event "4MCRV_F"]
[Site "?"]
[Date "2004.??.??"]
[Round "?"]
[White "Brousek, Jiri"]
[Black "Sykora, Josef"]
[Result "1/2-1/2"]
[WhiteElo "2361"]
[BlackElo "2399"]
[PlyCount "65"]
[EventDate "2004.??.??"]
[EventType "corr"]
[SourceDate "2004.06.03"]

1. d4 Nf6 2. Nf3 e6 3. g3 d5 4. Bg2 Be7 5. O-O O-O 6. c4 dxc4 7. Qc2 a6 8. a4
Bd7 9. Qxc4 Bc6 10. Bg5 Bd5 11. Qd3 c5 12. Nc3 Bc6 13. e4 cxd4 14. Qxd4 h6 15.
Bf4 Qa5 16. Qc4 Rd8 17. Nd4 Qc5 18. Qxc5 Bxc5 19. Nxc6 Nxc6 20. e5 Nd7 21. Ne4
Rab8 22. Nxc5 Nxc5 23. Be3 Nb3 24. Bb6 Nxa1 25. Bxd8 Rxd8 26. Rxa1 Nxe5 27.
Bxb7 a5 28. Rc1 Nd3 29. Rd1 Rd4 30. b4 Rxb4 31. Rxd3 Rxb7 32. Rd8+ Kh7 33. Ra8
1/2-1/2

[Event "4MCRV_F"]
[Site "?"]
[Date "2004.??.??"]
[Round "?"]
[White "Brousek, Jiri"]
[Black "Valak, Alois"]
[Result "1/2-1/2"]
[WhiteElo "2361"]
[BlackElo "2250"]
[PlyCount "43"]
[EventDate "2004.??.??"]
[EventType "corr"]
[SourceDate "2004.06.03"]

1. d4 Nf6 2. Nf3 e6 3. c4 b6 4. g3 Ba6 5. b3 Bb4+ 6. Bd2 Be7 7. Bg2 d5 8. cxd5
exd5 9. O-O O-O 10. Nc3 Re8 11. Qc2 c5 12. dxc5 bxc5 13. Ng5 g6 14. Bf4 Nc6 15.
Qd2 Rc8 16. Nxd5 h6 17. Nxe7+ Qxe7 18. Nf3 g5 19. Bxg5 Rcd8 20. Qf4 hxg5 21.
Qxg5+ Kh7 22. Qh4+ 1/2-1/2

[Event "4MCRV_F"]
[Site "?"]
[Date "2004.??.??"]
[Round "?"]
[White "Bucek, Jiri"]
[Black "Dedina, Miroslav"]
[Result "1/2-1/2"]
[WhiteElo "2336"]
[BlackElo "2297"]
[PlyCount "75"]
[EventDate "2004.??.??"]
[EventType "corr"]
[SourceDate "2004.06.03"]

1. e4 e5 2. Nf3 Nc6 3. Bb5 a6 4. Ba4 Nf6 5. O-O b5 6. Bb3 Bb7 7. d3 Bc5 8. Nc3
d6 9. a4 b4 10. Ne2 O-O 11. Ng3 Bc8 12. Bg5 h6 13. Be3 Bxe3 14. fxe3 Na5 15.
Ba2 c5 16. Nd2 Be6 17. Nf5 Kh7 18. Qf3 Bxa2 19. Rxa2 Ng8 20. Raa1 g6 21. Ng3
Qd7 22. Rf2 f6 23. Raf1 Qxa4 24. h4 h5 25. Nxh5 Ra7 26. Qd1 Raf7 27. Ng3 Nh6
28. h5 g5 29. Nf5 Qd7 30. Qa1 Nxf5 31. Rxf5 Nc6 32. Qa4 a5 33. g4 Kg7 34. Nc4
Qc7 35. Qb5 Rb8 36. Qa6 Rff8 37. R5f2 Ra8 38. Qb5 1/2-1/2

[Event "4MCRV_F"]
[Site "?"]
[Date "2004.??.??"]
[Round "?"]
[White "Bucek, Jiri"]
[Black "Hladecek, Miloslav"]
[Result "1/2-1/2"]
[WhiteElo "2336"]
[BlackElo "2283"]
[PlyCount "43"]
[EventDate "2004.??.??"]
[EventType "corr"]
[SourceDate "2004.06.03"]

1. e4 e6 2. d4 d5 3. Nc3 Nf6 4. e5 Nfd7 5. f4 c5 6. dxc5 Nc6 7. Nf3 Bxc5 8. Bd3
a6 9. Qe2 Qc7 10. Bd2 b5 11. O-O-O Qa5 12. a3 b4 13. Na2 Qb6 14. axb4 Bxb4 15.
Nxb4 Nxb4 16. Bxb4 Qxb4 17. f5 Rb8 18. c3 Qa5 19. fxe6 fxe6 20. Qc2 Qa1+ 21.
Qb1 Qxb1+ 22. Bxb1 1/2-1/2

[Event "4MCRV_F"]
[Site "?"]
[Date "2004.??.??"]
[Round "?"]
[White "Bucek, Jiri"]
[Black "Kostal, Jindrich"]
[Result "1/2-1/2"]
[WhiteElo "2336"]
[BlackElo "2405"]
[PlyCount "49"]
[EventDate "2004.??.??"]
[EventType "corr"]
[SourceDate "2004.06.03"]

1. d4 Nf6 2. Nf3 g6 3. Nc3 d5 4. Bf4 Bg7 5. e3 Nh5 6. Bg5 h6 7. Bh4 c6 8. Be2
Nd7 9. Nd2 Nhf6 10. O-O O-O 11. a3 Ne8 12. Na4 Nd6 13. Bd3 g5 14. Bg3 e5 15.
Nf3 f6 16. Bg6 g4 17. Nh4 f5 18. f3 gxf3 19. Nxf3 Nc4 20. Qe1 Qf6 21. Nh4 exd4
22. exd4 Qxd4+ 23. Kh1 Ndb6 24. c3 Qd2 25. Nc5 1/2-1/2

[Event "4MCRV_F"]
[Site "?"]
[Date "2004.??.??"]
[Round "?"]
[White "Bucek, Jiri"]
[Black "Kuta, Jiri"]
[Result "1/2-1/2"]
[WhiteElo "2336"]
[BlackElo "2322"]
[PlyCount "33"]
[EventDate "2004.??.??"]
[EventType "corr"]
[SourceDate "2004.06.03"]

1. e4 c5 2. Nf3 Nc6 3. d4 cxd4 4. Nxd4 Nf6 5. Nc3 e5 6. Ndb5 d6 7. Bg5 a6 8.
Na3 b5 9. Nd5 Be7 10. Bxf6 Bxf6 11. c3 Bg5 12. Nc2 Rb8 13. Bd3 O-O 14. O-O Be6
15. a4 bxa4 16. Rxa4 Rxb2 17. Qa1 1/2-1/2

[Event "4MCRV_F"]
[Site "?"]
[Date "2004.??.??"]
[Round "?"]
[White "Bucek, Jiri"]
[Black "Pytlik, Lesek"]
[Result "1/2-1/2"]
[WhiteElo "2336"]
[BlackElo "2304"]
[PlyCount "47"]
[EventDate "2004.??.??"]
[EventType "corr"]
[SourceDate "2004.06.03"]

1. d4 Nf6 2. c4 g6 3. Nc3 Bg7 4. e4 d6 5. Be2 O-O 6. Nf3 c5 7. O-O Nbd7 8. d5
a6 9. a4 b6 10. Bf4 Nh5 11. Be3 Nhf6 12. Qd2 Ng4 13. Bf4 Rb8 14. Ne1 Ngf6 15.
Bh6 Bxh6 16. Qxh6 e6 17. dxe6 fxe6 18. Rd1 Ne5 19. f4 Nf7 20. Qh4 Bb7 21. e5
Ne4 22. Qh3 Nxc3 23. Qxc3 Qe7 24. exd6 1/2-1/2

[Event "4MCRV_F"]
[Site "?"]
[Date "2004.??.??"]
[Round "?"]
[White "Bucek, Jiri"]
[Black "Schwarz, Jan"]
[Result "1/2-1/2"]
[WhiteElo "2336"]
[BlackElo "2270"]
[PlyCount "57"]
[EventDate "2004.??.??"]
[EventType "corr"]
[SourceDate "2004.06.03"]

1. e4 c5 2. Nf3 d6 3. d4 cxd4 4. Nxd4 Nf6 5. Nc3 a6 6. Be3 e5 7. Nb3 Be7 8. f3
Be6 9. Qd2 O-O 10. Nd5 Nxd5 11. exd5 Bf5 12. Be2 Bh4+ 13. g3 Bf6 14. c4 Nd7 15.
O-O Qc7 16. g4 Bg6 17. c5 Nxc5 18. Nxc5 dxc5 19. d6 Qd7 20. Rac1 Rac8 21. Rxc5
Rxc5 22. Bxc5 h6 23. Qd5 Bg5 24. Bb6 Rc8 25. Bc7 Rxc7 26. dxc7 Qxd5 27. c8=Q+
Kh7 28. Rd1 Qxa2 29. Qxb7 1/2-1/2

[Event "4MCRV_F"]
[Site "?"]
[Date "2004.??.??"]
[Round "?"]
[White "Bucek, Jiri"]
[Black "Vondracek, Emil"]
[Result "1-0"]
[WhiteElo "2336"]
[BlackElo "2286"]
[PlyCount "67"]
[EventDate "2004.??.??"]
[EventType "corr"]
[SourceDate "2004.06.03"]

1. e4 c5 2. Nf3 d6 3. d4 cxd4 4. Nxd4 Nf6 5. Nc3 a6 6. Be3 e5 7. Nb3 Be6 8. f3
Be7 9. Qd2 Nbd7 10. g4 h6 11. h4 b5 12. a4 b4 13. Nd5 Bxd5 14. exd5 Nb6 15.
Bxb6 Qxb6 16. a5 Qb7 17. O-O-O Nd7 18. Kb1 Rc8 19. f4 Kf8 20. Be2 Kg8 21. g5
Nc5 22. fxe5 dxe5 23. g6 fxg6 24. d6 Nxb3 25. cxb3 Bf6 26. d7 Rd8 27. h5 gxh5
28. Rhf1 e4 29. Rxf6 gxf6 30. Bc4+ Kh7 31. Qf4 Rhf8 32. Qf5+ Kg7 33. Rg1+ Kh8
34. Be6 1-0

[Event "4MCRV_F"]
[Site "?"]
[Date "2004.??.??"]
[Round "?"]
[White "Bucek, Jiri"]
[Black "Vozda, Jindrich"]
[Result "1/2-1/2"]
[WhiteElo "2336"]
[BlackElo "2494"]
[PlyCount "43"]
[EventDate "2004.??.??"]
[EventType "corr"]
[SourceDate "2004.06.03"]

1. c4 e5 2. Nc3 Nf6 3. Nf3 Nc6 4. g3 Bb4 5. Bg2 O-O 6. O-O Bxc3 7. bxc3 Re8 8.
d3 e4 9. Nd4 h6 10. dxe4 Nxe4 11. Qc2 d5 12. cxd5 Nxd4 13. cxd4 Qxd5 14. Qxc7
Bf5 15. Qc5 Qxc5 16. dxc5 Nxc5 17. Be3 Rac8 18. Rac1 b6 19. Rfd1 f6 20. Bxc5
Rxc5 21. Rxc5 bxc5 22. Rd5 1/2-1/2

[Event "4MCRV_F"]
[Site "?"]
[Date "2004.??.??"]
[Round "?"]
[White "Dedina, Miroslav"]
[Black "Brousek, Jiri"]
[Result "1-0"]
[WhiteElo "2297"]
[BlackElo "2361"]
[PlyCount "79"]
[EventDate "2004.??.??"]
[EventType "corr"]
[SourceDate "2004.06.03"]

1. d4 e6 2. c4 f5 3. g3 Nf6 4. Bg2 c6 5. Nf3 d5 6. O-O Bd6 7. Bf4 Bxf4 8. gxf4
O-O 9. Qd3 Ne4 10. Nbd2 b6 11. Ne5 Bb7 12. cxd5 cxd5 13. Ndf3 Ba6 14. Qe3 Nd7
15. Rac1 Nxe5 16. Nxe5 Qe7 17. Rc2 Rac8 18. Nc6 Qb7 19. Rfc1 Rfe8 20. a4 Bc4
21. Ne5 Ba6 22. b4 Qe7 23. b5 Bb7 24. Bxe4 dxe4 25. Rxc8 Rxc8 26. Rxc8+ Bxc8
27. Qc3 Bb7 28. a5 Qd8 29. Nc6 Bxc6 30. bxc6 Qc7 31. d5 exd5 32. Qe5 Qc8 33.
Qxd5+ Kf8 34. a6 Ke7 35. Qe5+ Kf8 36. Qd6+ Ke8 37. h4 h6 38. h5 Kf7 39. Kg2 Ke8
40. e3 1-0

[Event "4MCRV_F"]
[Site "?"]
[Date "2004.??.??"]
[Round "?"]
[White "Dedina, Miroslav"]
[Black "Kuchta, Jiri"]
[Result "1/2-1/2"]
[WhiteElo "2297"]
[BlackElo "2284"]
[PlyCount "108"]
[EventDate "2004.??.??"]
[EventType "corr"]
[SourceDate "2004.06.03"]

1. d4 d5 2. c4 c6 3. Nf3 e6 4. Nc3 Nf6 5. Bg5 h6 6. Bxf6 Qxf6 7. e3 Bd6 8. Bd3
O-O 9. O-O Rd8 10. Qc2 Nd7 11. Rfe1 dxc4 12. Ne4 Qe7 13. Bxc4 Bc7 14. Rac1 Nb6
15. Bd3 e5 16. Nc5 exd4 17. exd4 Qf6 18. Ne5 Rxd4 19. Bh7+ Kf8 20. Nf3 Rd8 21.
Ne4 Qf4 22. Qc5+ Bd6 23. Nxd6 Qxd6 24. Qc2 Be6 25. Rcd1 Bd5 26. Qc3 Re8 27. Nh4
Rxe1+ 28. Rxe1 Nd7 29. Nf5 Qf6 30. Qa3+ c5 31. Ne3 Re8 32. Rf1 Be4 33. Bxe4
Rxe4 34. b3 a6 35. Qa5 Qb6 36. Qc3 Kg8 37. Nf5 Qf6 38. Qf3 Rb4 39. Qd5 Qe6 40.
Qxe6 fxe6 41. Ne3 Rd4 42. Rc1 Rd2 43. Rd1 Rxd1+ 44. Nxd1 Kf7 45. Kf1 Ke7 46.
Ke2 b5 47. Kd3 Kd6 48. g3 Ne5+ 49. Ke4 Ng4 50. h4 Nf6+ 51. Kd3 e5 52. Nc3 Kc6
53. a3 e4+ 54. Nxe4 c4+ 1/2-1/2

[Event "4MCRV_F"]
[Site "?"]
[Date "2004.??.??"]
[Round "?"]
[White "Dedina, Miroslav"]
[Black "Kuta, Jiri"]
[Result "1/2-1/2"]
[WhiteElo "2297"]
[BlackElo "2322"]
[PlyCount "61"]
[EventDate "2004.??.??"]
[EventType "corr"]
[SourceDate "2004.06.03"]

1. d4 Nf6 2. c4 e6 3. Nf3 d5 4. Nc3 c6 5. Bg5 h6 6. Bxf6 Qxf6 7. e3 Nd7 8. Qc2
Qd8 9. Bd3 Be7 10. O-O O-O 11. a3 b6 12. cxd5 cxd5 13. e4 Bb7 14. exd5 Bxd5 15.
Nxd5 exd5 16. Bh7+ Kh8 17. Bf5 Bd6 18. Qb3 Nf6 19. Ne5 g6 20. Bh3 Kh7 21. Rac1
Qb8 22. Nc6 Qb7 23. g3 Rae8 24. f4 Kg7 25. Bg2 Qd7 26. Ne5 Qb7 27. Kh1 Rc8 28.
Rxc8 Rxc8 29. Nc4 Rd8 30. Ne3 Bf8 31. f5 1/2-1/2

[Event "4MCRV_F"]
[Site "?"]
[Date "2004.??.??"]
[Round "?"]
[White "Dedina, Miroslav"]
[Black "Nosek, Jaroslav"]
[Result "1/2-1/2"]
[WhiteElo "2297"]
[BlackElo "2297"]
[PlyCount "59"]
[EventDate "2004.??.??"]
[EventType "corr"]
[SourceDate "2004.06.03"]

1. d4 Nf6 2. c4 e6 3. Nc3 Bb4 4. Qc2 O-O 5. a3 Bxc3+ 6. Qxc3 b6 7. Bg5 Bb7 8.
e3 d6 9. f3 Nbd7 10. Bd3 c5 11. Ne2 Rc8 12. Qb3 h6 13. Bh4 cxd4 14. exd4 d5 15.
O-O dxc4 16. Bxc4 a6 17. a4 Rc6 18. Rfe1 Qc8 19. Rac1 Nd5 20. Bxd5 Rxc1 21.
Rxc1 Bxd5 22. Rxc8 Bxb3 23. Rc7 Nf6 24. Bxf6 gxf6 25. Rb7 Bxa4 26. Rxb6 Rd8 27.
d5 Rxd5 28. Rxa6 Rd2 29. Rxa4 Rxe2 30. Rb4 1/2-1/2

[Event "4MCRV_F"]
[Site "?"]
[Date "2004.??.??"]
[Round "?"]
[White "Dedina, Miroslav"]
[Black "Pravec, Ladislav"]
[Result "1/2-1/2"]
[WhiteElo "2297"]
[BlackElo "2350"]
[PlyCount "96"]
[EventDate "2004.??.??"]
[EventType "corr"]
[SourceDate "2004.06.03"]

1. d4 Nf6 2. c4 g6 3. Nc3 Bg7 4. e4 d6 5. f3 O-O 6. Be3 c5 7. dxc5 dxc5 8. e5
Nfd7 9. f4 Nc6 10. Nf3 f6 11. exf6 Nxf6 12. Qxd8 Rxd8 13. Bxc5 b6 14. Ba3 Ng4
15. Nd5 e6 16. Nc7 Rb8 17. Be2 Ne3 18. Kf2 Ng4+ 19. Kg3 Nf6 20. Ng5 Nd4 21. Bf3
Nxf3 22. Kxf3 h6 23. Ngxe6 Bxe6 24. Nxe6 Rd3+ 25. Ke2 Rxa3 26. bxa3 Re8 27.
Rac1 Rxe6+ 28. Kf3 Ne4 29. Rhd1 Nc5 30. Re1 Rf6 31. Re8+ Bf8 32. g3 g5 33. Rf1
gxf4 34. gxf4 Kf7 35. Ra8 a5 36. Kg4 Rc6 37. Kf5 h5 38. Ra7+ Be7 39. Rf3 Ne6
40. Re3 Nc7 41. a4 Rxc4 42. Re4 Rc5+ 43. Re5 Rc6 44. Rb7 Bd6 45. Rb5 Ke8 46.
R5xb6 Rc5+ 47. Ke4 Kd7 48. Rb5 Rc4+ 1/2-1/2

[Event "4MCRV_F"]
[Site "?"]
[Date "2004.??.??"]
[Round "?"]
[White "Dedina, Miroslav"]
[Black "Splichal, Josef"]
[Result "1/2-1/2"]
[WhiteElo "2297"]
[BlackElo "2279"]
[PlyCount "65"]
[EventDate "2004.??.??"]
[EventType "corr"]
[SourceDate "2004.06.03"]

1. d4 Nf6 2. c4 c5 3. d5 e6 4. Nc3 exd5 5. cxd5 d6 6. e4 g6 7. f4 Bg7 8. Bb5+
Nfd7 9. a4 Qe7 10. Nf3 Bxc3+ 11. bxc3 Qxe4+ 12. Kf2 O-O 13. Ng5 Qf5 14. Bd3 Qf6
15. Ne4 Qh4+ 16. g3 Qe7 17. Re1 Nf6 18. Nxc5 Qc7 19. Ne4 Nbd7 20. Ba3 Re8 21.
Nxf6+ Nxf6 22. Rxe8+ Nxe8 23. c4 Bd7 24. Qb3 Nf6 25. Kg2 Bf5 26. Bb2 Be4+ 27.
Bxe4 Nxe4 28. Re1 Re8 29. Qd3 Nf6 30. Re3 Rxe3 31. Qxe3 Nd7 32. Qxa7 Qxc4 33.
Qxb7 1/2-1/2

[Event "4MCRV_F"]
[Site "?"]
[Date "2004.??.??"]
[Round "?"]
[White "Dedina, Miroslav"]
[Black "Sykora, Josef"]
[Result "1/2-1/2"]
[WhiteElo "2297"]
[BlackElo "2399"]
[PlyCount "53"]
[EventDate "2004.??.??"]
[EventType "corr"]
[SourceDate "2004.06.03"]

1. d4 Nf6 2. c4 e6 3. Nc3 Bb4 4. Qc2 O-O 5. a3 Bxc3+ 6. Qxc3 b6 7. Bg5 Bb7 8.
f3 h6 9. Bh4 d5 10. e3 Nbd7 11. cxd5 Nxd5 12. Bxd8 Nxc3 13. Bh4 Nd5 14. Bf2 f5
15. Bc4 Kh7 16. Ne2 e5 17. O-O e4 18. fxe4 fxe4 19. Rac1 c6 20. Nc3 N7f6 21.
Rfe1 Nxc3 22. Rxc3 Nd5 23. Bxd5 cxd5 24. Rc7 Ba6 25. Bg3 Rfc8 26. Rd7 Rd8 27.
Rc7 1/2-1/2

[Event "4MCRV_F"]
[Site "?"]
[Date "2004.??.??"]
[Round "?"]
[White "Dedina, Miroslav"]
[Black "Valak, Alois"]
[Result "0-1"]
[WhiteElo "2297"]
[BlackElo "2250"]
[PlyCount "88"]
[EventDate "2004.??.??"]
[EventType "corr"]
[SourceDate "2004.06.03"]

1. d4 d5 2. c4 e6 3. Nf3 Nf6 4. Nc3 Nbd7 5. Bf4 dxc4 6. e3 Nd5 7. Bxc4 Nxf4 8.
exf4 Nb6 9. Bd3 g6 10. h4 Bg7 11. h5 Qe7 12. h6 Bf8 13. Qe2 f6 14. Nd2 Bd7 15.
Nb3 O-O-O 16. Bb5 c6 17. Bd3 Qb4 18. g3 Nd5 19. Qc2 Kb8 20. a3 Qd6 21. Ne4 Qc7
22. Bc4 Bc8 23. O-O-O Be7 24. Rhe1 Rhe8 25. Kb1 Bf8 26. Rh1 Qe7 27. Rde1 e5 28.
dxe5 fxe5 29. Nec5 Qf6 30. fxe5 Rxe5 31. Ne4 Qe7 32. Bd3 Nf6 33. f4 Red5 34.
Nxf6 Qxf6 35. Be4 Rb5 36. Re3 Re8 37. Rd1 Bxh6 38. Bxc6 Rxe3 39. Bxb5 Bf5 40.
Bd3 Bg4 41. Nc5 Bf8 42. Bb5 Bxc5 43. Qxc5 Rb3 44. Rd2 Qf5+ 0-1

[Event "4MCRV_F"]
[Site "?"]
[Date "2004.??.??"]
[Round "?"]
[White "Hladecek, Miloslav"]
[Black "Brousek, Jiri"]
[Result "1/2-1/2"]
[WhiteElo "2283"]
[BlackElo "2361"]
[PlyCount "123"]
[EventDate "2004.??.??"]
[EventType "corr"]
[SourceDate "2004.06.03"]

1. e4 e6 2. d4 d5 3. Nc3 dxe4 4. Nxe4 Bd7 5. Nf3 Bc6 6. Bd3 Nd7 7. O-O Ngf6 8.
Ng3 Be7 9. c4 O-O 10. Bf4 b6 11. Qe2 Bb7 12. Rad1 Re8 13. Ne5 Nf8 14. Bg5 Ng6
15. Bc2 Nd7 16. Be3 Ndxe5 17. dxe5 Qb8 18. f4 Rd8 19. Rde1 Bb4 20. Rb1 Qc8 21.
a3 Be7 22. Qh5 Rf8 23. Ne4 Qe8 24. Rf3 Bxe4 25. Bxe4 Rd8 26. b4 f5 27. exf6
Rxf6 28. Re1 Qf7 29. Rh3 h6 30. Rf3 Bf8 31. Rf2 Ne7 32. Qxf7+ Rxf7 33. g4 Nc8
34. Bc2 c5 35. bxc5 bxc5 36. Bg6 Rf6 37. Be4 Nb6 38. Rc2 Bd6 39. f5 exf5 40.
gxf5 Re8 41. Bf2 Kf8 42. Bh4 Rf7 43. Kg2 Be7 44. Bf2 Bd6 45. h3 Rfe7 46. Kf3 h5
47. Rcc1 Nd7 48. Red1 Rxe4 49. Rxd6 R4e7 50. Rd5 Kg8 51. Rc2 Rf7 52. a4 Nb6 53.
Rxc5 Nxa4 54. Rb5 Nb6 55. Kf4 Rc8 56. Bxb6 axb6 57. Rxb6 Rc5 58. f6 Rfc7 59.
fxg7 Rxc4+ 60. Rxc4 Rxc4+ 61. Kg5 Kxg7 62. Rb7+ 1/2-1/2

[Event "4MCRV_F"]
[Site "?"]
[Date "2004.??.??"]
[Round "?"]
[White "Hladecek, Miloslav"]
[Black "Dedina, Miroslav"]
[Result "1/2-1/2"]
[WhiteElo "2283"]
[BlackElo "2297"]
[PlyCount "52"]
[EventDate "2004.??.??"]
[EventType "corr"]
[SourceDate "2004.06.03"]

1. e4 e5 2. Nf3 Nc6 3. Bc4 Bc5 4. d3 Nf6 5. O-O d6 6. c3 O-O 7. b4 Bb6 8. a4 a5
9. b5 Ne7 10. Bg5 Ng6 11. Nbd2 h6 12. Be3 c6 13. Bxb6 Qxb6 14. Rb1 Qc7 15. Qb3
Bg4 16. Rfe1 Nf4 17. g3 Nh3+ 18. Kg2 d5 19. exd5 cxd5 20. Bxd5 Qc5 21. Bxb7
Qxf2+ 22. Kh1 Rad8 23. d4 e4 24. Rf1 Qe2 25. Rbe1 Qd3 26. Qb1 Qxb1 1/2-1/2

[Event "4MCRV_F"]
[Site "?"]
[Date "2004.??.??"]
[Round "?"]
[White "Hladecek, Miloslav"]
[Black "Kuta, Jiri"]
[Result "1/2-1/2"]
[WhiteElo "2283"]
[BlackElo "2322"]
[PlyCount "60"]
[EventDate "2004.??.??"]
[EventType "corr"]
[SourceDate "2004.06.03"]

1. e4 c5 2. Nf3 Nc6 3. d4 cxd4 4. Nxd4 Nf6 5. Nc3 e5 6. Ndb5 d6 7. Nd5 Nxd5 8.
exd5 Nb8 9. Qd3 Be7 10. Qc3 Na6 11. Be3 Bd7 12. Nxa7 Nc5 13. Nb5 O-O 14. Be2
Na4 15. Qb4 f5 16. Bd2 Nc5 17. a4 f4 18. O-O Na6 19. Qb3 e4 20. Rfe1 Qe8 21.
Bb4 Nxb4 22. Qxb4 e3 23. fxe3 Bh4 24. Bd3 Bxe1 25. Rxe1 f3 26. gxf3 Rxf3 27.
Nc7 Qh5 28. Nxa8 Bh3 29. Qd2 Qg5+ 30. Kh1 Qh4 1/2-1/2

[Event "4MCRV_F"]
[Site "?"]
[Date "2004.??.??"]
[Round "?"]
[White "Hladecek, Miloslav"]
[Black "Pravec, Ladislav"]
[Result "1/2-1/2"]
[WhiteElo "2283"]
[BlackElo "2350"]
[PlyCount "39"]
[EventDate "2004.??.??"]
[EventType "corr"]
[SourceDate "2004.06.03"]

1. e4 c5 2. Nf3 Nc6 3. d4 cxd4 4. Nxd4 Nf6 5. Nc3 d6 6. Bb5 Bd7 7. O-O g6 8.
Nd5 Bg7 9. Nxf6+ Bxf6 10. Be3 O-O 11. c3 Nxd4 12. Bxd7 Qxd7 13. Bxd4 Bxd4 14.
Qxd4 Qb5 15. Qd2 a5 16. f4 Qc5+ 17. Rf2 b5 18. Qd5 Rfc8 19. Qxc5 Rxc5 20. a3
1/2-1/2

[Event "4MCRV_F"]
[Site "?"]
[Date "2004.??.??"]
[Round "?"]
[White "Hladecek, Miloslav"]
[Black "Splichal, Josef"]
[Result "1-0"]
[WhiteElo "2283"]
[BlackElo "2279"]
[PlyCount "53"]
[EventDate "2004.??.??"]
[EventType "corr"]
[SourceDate "2004.06.03"]

1. e4 e5 2. Nf3 Nc6 3. Bc4 Bc5 4. d3 Nf6 5. O-O d6 6. c3 Bg4 7. b4 Bb6 8. a4 a6
9. h3 Bh5 10. a5 Ba7 11. Re1 h6 12. Nbd2 Nh7 13. Qa4 O-O 14. g4 Bg6 15. Kg2 h5
16. Qd1 hxg4 17. hxg4 Nf6 18. Nh4 Ne7 19. Qf3 Qd7 20. Nf5 Rfd8 21. Bb3 d5 22.
Qh3 dxe4 23. dxe4 Bxf5 24. gxf5 Kf8 25. Nf3 Qb5 26. Qh8+ Neg8 27. Bg5 1-0